000 00707nam a2200253Ia 4500
003 OSt
005 20220918164339.0
006 a|||||r|||| 00| 0
007 ta
008 220917b |||||||| |||| 00| 0 eng d
020 _a0521592666 (hbk)
024 _a36,937
037 _cTextual
040 _aARTS
_cARTS
_beng
041 _2eng
_aeng
082 _aR39(Y), N8
100 _aMartin Raymond
_918450
245 0 _aSelf-concern
_b an experiential approach to what matters in survival
260 _aCambridge
_bCUP
_c1998
300 _axii,169p.
_ccm.
490 _aCambridge studies in philosophy
942 _hR39(Y), N8
_cTEXL
_2CC
999 _c124359
_d124359